Teoría de la representación política : crisis y desafíos del estado contemporáneo /
Guardado en:
| Autor Principal: | |
|---|---|
| Formato: | Libro |
| Idioma: | Spanish |
| Publicado: |
Santa Fe :
Rubinzal-Culzoni,
2014.
|
| Edición: | 1a. ed. |
| Materias: | |
| Etiquetas: |
Agregar Etiqueta
Sin Etiquetas, Sea el primero en etiquetar este registro!
|
| LEADER | 00508nam a22001575a 4500 | ||
|---|---|---|---|
| 001 | DER.der014143 | ||
| 008 | 190923s2014####ag############000#0#spa#d | ||
| 005 | 20250225095908.0 | ||
| 245 | 1 | 0 | |a Teoría de la representación política : |b crisis y desafíos del estado contemporáneo / |c Pablo Riberi. |
| 250 | |a 1a. ed. | ||
| 260 | |a Santa Fe : |b Rubinzal-Culzoni, |c 2014. | ||
| 300 | |a 593 p. | ||
| 020 | |a 9789873004735 | ||
| 100 | 1 | |a Riberi, Pablo. | |
| 650 | 7 | |a CIENCIA POLITICA | |
| 859 | |a DERECHO |b BIB. DERECHO |h 321.01 |i RIB |p 009382 | ||
